| Tag |
First Indicator |
Second Indicator |
Subfields |
| LEADER |
00000ctm a2200000Ia 4500 |
| 001 |
in00000086581 |
| 005 |
20190325090755.0 |
| 008 |
820701s1981 xx a bm 000 0 eng d |
| 035 |
|
|
|a (OCoLC)ocm08566507
|
| 035 |
|
|
|a (OCoLC)08566507
|
| 035 |
|
|
|9 AAK4442AM
|
| 040 |
|
|
|a TXA
|b eng
|c TXA
|d OCLCQ
|d OCLCF
|d OCLCQ
|d UMI
|d OCLCO
|d TXA
|
| 035 |
|
|
|a (OCoLC)8566507
|
| 049 |
|
|
|a TXAM
|
| 099 |
|
|
|a 1981
|a Dissertation
|a P433
|
| 100 |
1 |
|
|a Perdue, Richard R.
|
| 245 |
1 |
0 |
|a Spatial behavior in recreational boating :
|b a disaggregate analysis of factors influencing lake-use.
|
| 264 |
|
1 |
|c 1981.
|
| 300 |
|
|
|a xv, 194 leaves :
|b illustrations ;
|c 29 cm
|
| 336 |
|
|
|a text
|b txt
|2 rdacontent
|
| 337 |
|
|
|a unmediated
|b n
|2 rdamedia
|
| 338 |
|
|
|a volume
|b nc
|2 rdacarrier
|
| 500 |
|
|
|a Typescript (photocopy).
|
| 502 |
|
|
|b Ph. D. in Philosophy
|c Texas A & M University
|d 1981
|
| 500 |
|
|
|a Vita.
|
| 504 |
|
|
|a Includes bibliographical references (leaves 174-186).
|
| 500 |
|
|
|a "Major subject: Recreation and Resources Development.
|
| 520 |
3 |
|
|a Traditionally, recreation researchers have sought to understand the spatial patterns of recreational travel through the construction of macro-theoretical models of park visitation. Relatively few studies exist of the application of these models to the spatial behavior of individuals. This dissertation addressed this problem through analysis of the lake-use patterns of recreational boaters. The research objective was to test the main and interactive effects of lake attraction, lake accessibility and boater type on lake-use. The theoretical perspective of this research was derived from economic utility theory, Stouffer's theory of intervening opportunities and the cognitive-behavioral literature. Two theoretical postulates were tested. First, it was postulated that an individual's selection and use of a specific recreational lake is the result of a trade-off between relative lake attractiveness and relative lake accessibility. The study results supported this postulate. Lake-use was inversely related to both the number of more accessible lakes and the number of more attractive lakes. The second postulate was concerned with the relationship between the characteristics of the individual recreationist and spatial behavior. It was postulated that: (1) significant differences would exist between boater types relative to both their images of recreational lakes and their preferences, (2) significant differences would exist in spatial behavior between boater types and (3) these differences in spatial behavior would be a function of the differences in lake attractiveness and lake accessibility. The evidence did not completely support this postulate. Even when controlling for lake attractiveness and lake accessibility, significant differences in lake-use were observed between the boater types. Further analysis of the boater types focused on their interaction with relative lake attractiveness and relative lake accessibility. Overall, the results indicated that fishermen were more sensitive to differences in lake attractiveness in their lake selection processes. Non-fishermen were more sensitive to differences in lake accessibility. It was concluded that continued micro-theoretical research is needed of spatial behavior in outdoor recreation. The results support the need for a descriptive understanding of spatial behavior in outdoor recreation.
|
| 650 |
|
0 |
|a Lakes
|x Recreational use.
|
| 650 |
|
0 |
|a Boats and boating.
|
| 650 |
|
4 |
|a Recreation and Resources Development
|
| 655 |
|
7 |
|a Academic theses
|2 lcgft
|
| 700 |
1 |
|
|a Ditton, Robert B.,
|e degree supervisor.
|
| 700 |
1 |
|
|a Cheek, Neil,
|e degree comittee member.
|
| 700 |
1 |
|
|a Cosby, Art,
|e degree comittee member.
|
| 700 |
1 |
|
|a Nyberg, Ken,
|e degree comittee member.
|
| 700 |
1 |
|
|a Reed, David,
|e degree comittee member.
|
| 710 |
2 |
|
|a Texas A & M University,
|e degree granting institution.
|
| 856 |
4 |
1 |
|u http://hdl.handle.net/1969.1/Dissertations-97944
|z Link to OAKTrust Copy
|t 0
|
| 856 |
4 |
1 |
|u http://proxy.library.tamu.edu/login?url=http://proquest.umi.com/pqdweb?did=749767561&sid=1&Fmt=2&clientId=2945&RQT=309&VName=PQD
|z Link to ProQuest Copy
|t 0
|
| 994 |
|
|
|a C0
|b TXA
|
| 999 |
f |
f |
|s d0f5f566-4c6a-32e0-b04e-883fd2cbfc7a
|i 7b5eeca4-42d3-35ec-a349-f242427b4807
|t 0
|
| 952 |
f |
f |
|p noncirc
|a Texas A&M University
|b J.J. Pickle Campus
|c High Density Repository
|s HDR
|d Remote Storage
|t 0
|e 1981 Dissertation P433
|h Other scheme
|i unmediated -- volume
|m A14841002987
|
| 952 |
f |
f |
|a Texas A&M University
|b College Station
|c Electronic Resources
|s www_evans
|d Available Online
|t 0
|e 1981 Dissertation P433
|h Other scheme
|
| 998 |
f |
f |
|a 1981 Dissertation P433
|t 0
|l Available Online
|
| 998 |
f |
f |
|a 1981 Dissertation P433
|t 0
|l Remote Storage
|